000 00770nam a2200241Ia 4500
003 OSt
005 20220923221123.0
006 a|||||r|||| 00| 0
007 ta
008 220922b |||||||| |||| 00| 0 hin d
024 _a195,395
037 _cTextual
040 _aARTS
_cARTS
_bhin
041 _2hin
_ahin
082 _aO152,1:gM, P1
100 _aसुधीन्द्र कुमार
245 0 _aरीति काव्य के विविध आयाम
246 _aRīti kāvya ke vividh āyāma
260 _aदिल्ली
_b ईशा ज्ञानदीप
_c2001
300 _a8]136पृ.
_ccm.
942 _hO152,1:gM, P1
_cTEXL
_2CC
999 _c347605
_d347605